|
|
|
|
| LEADER |
01038nab a2200313 i 4500 |
| 001 |
publ31443 |
| 005 |
20250108134658.0 |
| 008 |
250108s1999 hu o 000 hun d |
| 022 |
|
|
|a 0006-7768
|
| 024 |
7 |
|
|a 1350259
|2 mtmt
|
| 040 |
|
|
|a SZTE Publicatio Repozitórium
|b hun
|
| 041 |
|
|
|a hun
|
| 100 |
1 |
|
|a Kemény Lajos
|
| 245 |
1 |
0 |
|a Interleukin-8 inhibitor izolálása polimorfonukleáris leukociták felülúszójában.
|h [elektronikus dokumentum] /
|c Kemény Lajos
|
| 260 |
|
|
|c 1999
|
| 300 |
|
|
|a 5
|
| 300 |
|
|
|a 107-111
|
| 490 |
0 |
|
|a BŐRGYÓGYÁSZATI ÉS VENEROLÓGIAI SZEMLE
|v 75 No. 3
|
| 650 |
|
4 |
|a Általános orvostudomány
|
| 650 |
|
4 |
|a Klinikai orvostan
|
| 700 |
0 |
2 |
|a Kenderessy Szabó Anna
|e aut
|
| 700 |
0 |
2 |
|a Kiss Mária
|e aut
|
| 700 |
0 |
2 |
|a Szolnoky Győző
|e aut
|
| 700 |
0 |
2 |
|a Gyulai Rolland Péter
|e aut
|
| 700 |
0 |
2 |
|a Farkas Árpád
|e aut
|
| 700 |
0 |
2 |
|a Szabad Gábor
|e aut
|
| 700 |
0 |
2 |
|a Michel G.
|e aut
|
| 700 |
0 |
2 |
|a Ruzicka T.
|e aut
|
| 856 |
4 |
0 |
|u http://publicatio.bibl.u-szeged.hu/31443/1/aok_klny_369_99.pdf
|z Dokumentum-elérés
|